Biblioteca

Walking on water : (Registro nro. 66445)

Detalles MARC
000 -LÍDER
Campo fijo de descripción fija 01763cam a2200361 i 4500
001 - NÚMERO DE CONTROL
Campo de control 768714001
003 - IDENTIFICADOR DEL NÚMERO DE CONTROL
Campo de control CO-MdFUSB
005 - FECHA Y HORA DE LA ULTIMA TRANSACCIÓN
control field 20210429123409.0
007 - CAMPO FIJO DE DESCRIPCIÓN FIJA--INFORMACIÓN GENERAL
Campo fijo de descripción fija ta
008 - ELEMENTOS DE LONGITUD FIJA -- INFORMACIÓN GENERAL
Campo fijo de descripción fija -- Información general 010625t1980 ilu 000 0 eng d
010 ## - NÚMERO DE CONTROL DE LA BIBLIOTECA DEL CONGRESO
Número de control LC 80021066
020 ## - NÚMERO INTERNACIONAL NORMALIZADO PARA LIBROS
Número Internacional Normalizado del libro 9780877889182
020 ## - NÚMERO INTERNACIONAL NORMALIZADO PARA LIBROS
Número Internacional Normalizado del libro 087788918X
040 ## - FUENTE DE CATALOGACIÓN
Agencia de catalogación original TXV
Idioma de catalogación eng
Convenciones de la descripción rda
Agencia que realiza la transcripción CO-MdFUSB
Agencia que realiza la modificación NOW
-- CFT
-- OCLCF
-- OCLCQ
-- CAP
041 ## - CÓDIGO DE IDIOMA
Código de idioma para texto/pista de sonido o título separado eng
082 ## - NÚMERO DE CLASIFICACIÓN DECIMAL DEWEY
Número de la edición del Dewey 23
Número de clasificación 261.57
Clave de autor-Numero de item L566
100 1# - ASIENTO PRINCIPAL--NOMBRE PERSONAL
Nombre personal L'Engle, Madeleine.
Término relacionador autor
245 10 - TÍTULO
Título del Material Walking on water :
Parte restante del título - Subtitulo reflections on faith and art
Mención de responsabilidad, etc. / Madeleine L'Engle.
264 #1 - PRODUCCIÓN, PUBLICACIÓN, DISTRIBUCIÓN, MANUFACTURA, Y COPYRIGHT
Lugar de producción, publicación, distribución, manufactura Colorado Springs, CO :
Nombre del productor, publicador, distribuidor Waterbrook Press,
Fecha de producción, publicación, distribución, manufactura, o copyright [1980]
264 #4 - PRODUCCIÓN, PUBLICACIÓN, DISTRIBUCIÓN, MANUFACTURA, Y COPYRIGHT
Fecha de producción, publicación, distribución, manufactura, o copyright © 1980
300 ## - DESCRIPCIÓN FÍSICA
Extensión 240 páginas ;
Dimensiones 19 cm.
336 ## - TIPO DE CONTENIDO
Término de tipo de contenido texto
Código de tipo de contenido txt
Fuente rdacontent.
337 ## - TIPO DE MEDIO
Nombre del tipo de medio sin mediación
Código del tipo de medio n
Fuente rdamedia.
338 ## - TIPO DE SOPORTE
Nombre del tipo de soporte volumen
Código Tipo de soporte nc
Fuente rdacarrier.
505 ## - NOTA DE CONTENIDO
Nota de contenido con formato preestablecido Prólogo de Nichole Nordeman - Cosmos del caos - Iconos de la verdad - Curados, enteros y santos - Un carbón en la mano - Imposibles probables - Manteniendo el reloj enrollado - Nombres y etiquetas - La parte inferior de el iceberg - ¿Queremos que los niños lo vean? - El viaje de regreso a casa - El otro lado del silencio - Alimentando el lago.
520 ## - NOTA DE RESUMEN, ETC.
Nota de sumario, etc. En este libro clásico, Madeleine L'Engle aborda las preguntas: ¿Qué hace que el arte sea cristiano? ¿Qué significa ser un artista cristiano? ¿Cuál es la relación entre fe y arte? A través del hermoso y perspicaz ensayo de L'Engle, los lectores se verán llamados a lo que el autor ve como las principales tareas de un artista: escuchar, mantenerse consciente y responder a la creación a través del propio arte.
563 ## - NOTA DE ENCUADERNACIÓN
Nota de encuadernación Rústico
653 ## - TÉRMINO DE INDIZACIÓN - NO CONTROLADO
Término no controlado Cristianismo y arte
942 ## - TIPO DE MATERIAL (KOHA)
Tipo de Item KOHA Libros General
945 ## - INFORMACIÓN LOCAL DEL REGISTRO
Catalogador JTF-925
Existencias
Estado de Material Estado de Perdido Forma de Clasificación Estado de Dañado No para Préstamo Colección Biblioteca de Origen Biblioteca Permanente Fecha de Adquisición Área Total de Préstamos Signatura Topográfica Código de Barras Última vez visto Ejemplar/Existencia Fecha de Remplazo Tipo de Material
    Dewey Decimal Classification     Colección General Biblioteca FUSBC Biblioteca FUSBC 06/07/2020 MISIONES / EVANGELISMO   G261.57 L566w 13863 06/07/2020 Ej.1 06/07/2020 Libros General

Biblioteca FUSBC | Teléfono: (57+4) 349 88 10 Ext. 141| WhatsApp (+57) 3005338115 
E-mail: biblioteca@unisbc.edu.co | Calle 76 87-14 Robledo Palenque, Medellín, Colombia

Con tecnología Koha